Statistiken für Geographie nach Buchstabe - V

Klicken Sie hier um das Quiz zu spielen!

Allgemein

  • Dieses Quiz wurde 2,177 mal gespielt
  • Das Durchschnittsergebnis liegt bei 14 aus 20

Antwortstatistiken

Hinweis Antwort % Korrekt
Südamerikanisches LandVenezuela
99%
Deutschlands größter AutoproduzentVolkswagen
97%
Hanoi ist seine HauptstadtVietnam
94%
Wo Sie Gondeln auf dem
Wasser finden können
Venedig
93%
Vulkan, der Pompeji zerstörteVesuv
92%
Das kleinste unabhängige Land der WeltVatikan
91%
Hauptstadt LitauensVilnius
87%
Afrikas größter SeeVictoria
86%
Italienische RollermarkeVespa
83%
US-Staat, Hauptproduzent von AhornsirupVermont
78%
Palast von Louis XIV.Versailles
77%
Staat, in dem acht US-Präsidenten
geboren wurden
Virginia
77%
Pazifische InselnationVanuatu
74%
Südafrikanischer Lärmmacher,
bekannt seit der WM 2010
Vuvuzela
72%
Größte Stadt in British ColumbiaVancouver
66%
Region und Stadt in OstspanienValencia
64%
Ehemaliger chinesischer Kaiserpalast{Verbotene} Stadt
53%
Hefeextrakt, der in Australien
äußerst beliebt ist
Vegemite
24%
Skiresort in ColoradoVail
22%
Heilige Hindu-Stadt, auch
bekannt als Benares
Varanasi
16%

Verteilung der Resultate

Perzentil nach korrekt beantworteten Fragen

Anzahl Personen mit jedem Resultat

Ihre Resultats-Entwicklung

Sie haben dieses Quiz noch nicht gespielt